<?xml version="1.0" encoding="UTF-8"?><?xml-stylesheet type="text/xsl" href="static/style.xsl"?><OAI-PMH xmlns="http://www.openarchives.org/OAI/2.0/" xmlns:xsi="http://www.w3.org/2001/XMLSchema-instance" xsi:schemaLocation="http://www.openarchives.org/OAI/2.0/ http://www.openarchives.org/OAI/2.0/OAI-PMH.xsd"><responseDate>2026-04-18T04:32:43Z</responseDate><request verb="GetRecord" identifier="oai:www.recercat.cat:20.500.12327/2466" metadataPrefix="marc">https://recercat.cat/oai/request</request><GetRecord><record><header><identifier>oai:recercat.cat:20.500.12327/2466</identifier><datestamp>2025-10-22T10:54:31Z</datestamp><setSpec>com_2072_4428</setSpec><setSpec>com_2072_4427</setSpec><setSpec>col_2072_487896</setSpec></header><metadata><record xmlns="http://www.loc.gov/MARC21/slim" xmlns:dcterms="http://purl.org/dc/terms/" xmlns:xsi="http://www.w3.org/2001/XMLSchema-instance" xmlns:doc="http://www.lyncode.com/xoai" xsi:schemaLocation="http://www.loc.gov/MARC21/slim http://www.loc.gov/standards/marcxml/schema/MARC21slim.xsd">
   <leader>00925njm 22002777a 4500</leader>
   <datafield ind2=" " ind1=" " tag="042">
      <subfield code="a">dc</subfield>
   </datafield>
   <datafield ind2=" " ind1=" " tag="720">
      <subfield code="a">Abelló, Laia</subfield>
      <subfield code="e">author</subfield>
   </datafield>
   <datafield ind2=" " ind1=" " tag="720">
      <subfield code="a">Bosch, Dolors</subfield>
      <subfield code="e">author</subfield>
   </datafield>
   <datafield ind2=" " ind1=" " tag="720">
      <subfield code="a">Aletà, Neus</subfield>
      <subfield code="e">author</subfield>
   </datafield>
   <datafield ind2=" " ind1=" " tag="260">
      <subfield code="c">2023-02-01</subfield>
   </datafield>
   <datafield ind2=" " ind1=" " tag="520">
      <subfield code="a">En un artículo publicado en&#xd;
Vida Rural nº525 se daba a&#xd;
conocer la dinámica de&#xd;
población de estos dos&#xd;
lepidópteros y se establecía&#xd;
cómo realizar un correcto&#xd;
seguimiento, diferenciando&#xd;
según la altura de colocación&#xd;
de la trampa. En esta segunda&#xd;
parte del artículo se pretende&#xd;
aportar una clara&#xd;
diferenciación de adultos,&#xd;
larvas y daños causados por&#xd;
cada uno de ellos. Por otro&#xd;
lado, se analizan los umbrales&#xd;
y los métodos de control&#xd;
disponibles frente a ambas&#xd;
plagas. Todo ello debe&#xd;
permitir diseñar estrategias de&#xd;
control de gestión integrada&#xd;
válidas y aplicables a las&#xd;
distintas condiciones&#xd;
productivas de la Península&#xd;
Ibérica.</subfield>
   </datafield>
   <datafield ind1="8" ind2=" " tag="024">
      <subfield code="a">1133-8938</subfield>
   </datafield>
   <datafield ind1="8" ind2=" " tag="024">
      <subfield code="a">http://hdl.handle.net/20.500.12327/2466</subfield>
   </datafield>
   <datafield ind2="0" ind1="0" tag="245">
      <subfield code="a">Estrategias de control en el nogal de Cydia pomonella y Ectomyelois ceratoniae</subfield>
   </datafield>
</record></metadata></record></GetRecord></OAI-PMH>